Statistics for Vegetables by picture

Click here to take the quiz!

General Stats

  • This quiz has been taken 50 times
  • The average score is 12 of 16

Answer Stats

Answer% Correct
Tomato
100%
Cucumber
98%
Potato
98%
Broccoli
96%
Corn
96%
Eggplant
87%
Spinach
87%
Cauliflower
84%
Zucchini
84%
Brussel sprouts
76%
Leek
76%
Basil
67%
Green bean
67%
Pea
62%
Turnip
40%
Capsicum
24%

Score Distribution

Percentile by Number Answered

Percent of People with Each Score

Your Score History

You have not taken this quiz